00729nam a2200205 a 4500001001000000005001700010008004100027020001800068050002100086100003400107245008300141260007800224300003200302500002100334500004200355504003100397650003600428650004900464653001000513BRCA_231520190320203746.0200808s2008----mx-a---###---#000-0#spa-# a9789689068440 4aGN434b.M46 20081 aMeneses Lozano, Hector Manuel10aUn paño novohispano, tesoro del arte plumariacHector Manuel Meneses Lozano. aMéxicobApoyo al Desarrollo de Archivos y Bibliotecas de Méxicoc2008 a151 p.bil. a colorc28 cm. aIncluye glosario aLa biblioteca cuenta con 2 ejemplares aBibliografía: p. 140-14514aArte plumariozPuebla, México14aTextilxPaño novohispanozPuebla, México0 aADABI